000 00984nam a2200229Ii 4500
003 JO-AjNU
008 230605s9999||||xx |||||||||||||| ||und||
017 _a2012/5/1730
020 _a978-9957-89-063-6
040 _aJO-AjNU
_bara
_erda
_cJO-AjNU
041 _aara
050 1 4 _aK7690.B25.2012
100 3 _a بني مقداد ، محمد علي محمد ,
_eauthor
_942711
245 0 0 _aالمسلك السليم لاصدار وتنفيذ حكم التحكيم " دراسة نظرية تطبيقية مقارنة "
250 _aط1
264 3 1 _aاربد : مؤسسة حمادة ، 2013 / عمان : دار اليازوري ، 2013
300 _a300ص
_bيشتمل على قائمة المراجع ببلوغرافية باللغة العربية والأنجليزية ص ( 293 - 300 )
336 _atext
_btxt
_2rdacontent
337 _aunmediated
_bn
_2rdamedia
338 _avolume
_bnc
_2rdacarrier
650 4 _aالتحكيم -- قوانين وتشريعات
_942712
999 _aA18309
_c21877
_d21877